STATGRAPHICS programové vybavení pro statistické výpočty.
Základná orientácia v systéme STATGRAPHICS pre osobné počítače IBM rady XT. Práca systému so súbormi. Názvy premenných. Tvorba a prenos dát. Interface systému. Funkčné kľúče. Ukážky niektorých výstupov. Niektoré operácie mimo rámec procedúr. DEMO-programy.
Saved in:
| Main Author: | |
|---|---|
| Format: | Book Chapter |
| Language: | Czech |
| Subjects: | |
| Tags: |
No Tags, Be the first to tag this record!
|
MARC
| LEADER | 00000naa a2200000 4500 | ||
|---|---|---|---|
| 001 | r002684 | ||
| 005 | 20220819181137.1 | ||
| 041 | 0 | |a cze | |
| 044 | |a [CS] | ||
| 245 | 1 | 0 | |a STATGRAPHICS programové vybavení pro statistické výpočty. |c V. Herout |
| 520 | |a Základná orientácia v systéme STATGRAPHICS pre osobné počítače IBM rady XT. Práca systému so súbormi. Názvy premenných. Tvorba a prenos dát. Interface systému. Funkčné kľúče. Ukážky niektorých výstupov. Niektoré operácie mimo rámec procedúr. DEMO-programy. | ||
| 610 | 2 | 0 | |a počítače osobné |
| 610 | 2 | 0 | |a IBM |
| 610 | 2 | 0 | |a spracovanie dát |
| 610 | 2 | 0 | |a programy aplikačné |
| 610 | 2 | 0 | |a STATGRAPHICS |
| 610 | 2 | 0 | |a štatistika |
| 610 | 2 | 0 | |a prenos dát |
| 100 | 1 | |a Herout, V. | |